Регионална библиотека "Любен Каравелов" - Русе

Собрание сочинений Мольера (Запис номер 428689)

MARC детайли
000 -Лидер
Контролно поле с фиксирана дължина nam a22 a 4500
003 - Код на организацията, давaща контролен номер
Контролно поле BLK
005 - Дата и час на последна редакция
Контролно поле 20210817093005.0
008 - Елементи от данни с фиксирана дължина
fixed length control field 210817b bu |||||r|||| 00| | bu d
040 ## - Източник на каталожния запис
Идентификатор на билиотеката - собственик на записа BLK
041 ## - Код за език
Код за езика на текст/звукозапис или на отделно заглавие Руски
Код за езика КДБФ Руски
080 ## - УДК
Текстов определител УДК Френска литература
УДК код - определител по УДК 821.133.1
УДК определител -2
УДК - код + определител 821.133.1-2
100 ## - Редна дума - Автор
R(LIN) 1299
Автор Мольер, Жан-Батист
Авторска отговорност първи автор
139 ## - Редно поле
Редна дума Мольер, Жан Батист
245 ## - Сведения за заглавието
Заглавие Собрание сочинений Мольера
Подзаглавни данни С биогр., сост. Алексеем Веселовским. Т. 1-3
Том Т.2
260 ## - Област на издателските данни
9 (RLIN) 435330
Място на издаване, разпространение и проч. Санкт-Петербур
Име на издателя, разпространителя и проч. типогр. О. И. Бакста
Година на издаване 1884
300 ## - Физическа характеристика
Размери/Мащаб 23 см
380 ## - Жанр
Жанр Худож. лит.
490 ## - СЕРИИ (Колекции)
9 (RLIN) 435080
Име на серия Колекция Редки и ценни издания
700 ## - Други автори (авторска отговорност)
9 (RLIN) 1478
Лично име Веселовский, Алексей Николаевич
Автороска отговорност (Описва отношението между автора и произведението) състав.
760 ## - Описание на основната серия
Редна дума на основното описание Мольер, Жан Батист
Място на издаване, издател и година Санкт-Петербург ,О.И. Бакст , 1884
Страници - том 483 с.
Част - том Т.2
852 ## - Местоположение
Форматна сигнатура Рр 884
Фондова буква Редки и ценни
999 ## - СИСТЕМНИ КОНТРОЛНИ НОМЕРА
Koha biblionumber 428689
Koha biblioitemnumber 428689
942 ## - АРТИКУЛИ
Вид на библиотечния материал Книги
Скрит в OPAC Не
Периодичен библиозапис Да
944 ## - СЪЗДАВАНЕ И РЕДАКЦИЯ на ЗАПИСА
Създаване/Редакция Създаване
Дата на регистрацията/редакция 2021-08-17
Служител, извършил регистрацията/редакцията Микаела Микова-Илиева
Статус, дата на статуса 2021-08-17
Наличности
Код за отписване Код за изгубен артикул Източник на класификационната схема Код за повреда Коз за рестрикции Код за отдаване Артикулен № Име на библиотеката - собственик Име на библиотеката, в която се намира в момента Статус (Текущо местоположение) Дата на вписване в системата Местоположение - отдел Цена в лева Инвентарен номер Систематично азбучна сигнатура Баркод Цена в евро Служебен тип на артикула
  Не е изгубен Universal Decimal Classification Не е повреден само за читалня Специални фондове ( старопечатни, редки и ценни, фонд М. Арнаудов) 854240 Регионална библиотека "Любен Каравелов" Русе Регионална библиотека "Любен Каравелов" Русе Редки и ценни 2021-09-23 Редки и ценни 0.38 20324-II Рр 884 900000074572 0.19 Книги
Vip Innovations Ltd, Rousse, Bulgaria 2025